Shorter oxford English dictionary: an illustrated edition of the shorter Oxford English dictionary (Record no. 19937)

MARC details
000 -LEADER
fixed length control field 00583nam a2200181Ia 4500
082 ## - DEWEY DECIMAL CLASSIFICATION NUMBER
Classification number RR 423 LIT-;
100 ## - MAIN ENTRY--AUTHOR NAME
Personal name Little, William
245 #0 - TITLE STATEMENT
Title Shorter oxford English dictionary: an illustrated edition of the shorter Oxford English dictionary
250 ## - EDITION STATEMENT
Edition statement 3rd
260 ## - PUBLICATION, DISTRIBUTION, ETC. (IMPRINT)
Place of publication Oxford
Name of publisher Clarendon Press
Year of publication 1944
500 ## - GENERAL NOTE
General note Contents: Vol.1. A-M (xxiii,1306p.) - v.2. N-Z (1307-2554p.)
504 ## - BIBLIOGRAPHY, ETC. NOTE
Bibliography, etc Includes bibliographies/ Ref. book
650 ## - SUBJECT ADDED ENTRY--TOPICAL TERM
Topical Term English language - Dictionaries
700 ## - ADDED ENTRY--PERSONAL NAME
Personal name Fowler, H.W.
700 ## - ADDED ENTRY--PERSONAL NAME
Personal name Coulson, J.
700 ## - ADDED ENTRY--PERSONAL NAME
Personal name Onions, C.T.
942 ## - ADDED ENTRY ELEMENTS (KOHA)
Koha item type Books
Source of classification or shelving scheme Dewey Decimal Classification
Holdings
Withdrawn status Lost status Damaged status Not for loan Home library Current library Date acquired Full call number Accession Number Price effective from Koha item type
        NASSDOC Library NASSDOC Library 08/06/2004 RR 423 LIT-; 72 18/04/2019 Books
        NASSDOC Library NASSDOC Library 08/06/2004 RR 423 LIT-; 73 18/04/2019 Books